000 03131nkm0a2200433 4500
001 RU\NLR\BIBL_A\022785417
005 20260426080839.0
035 _a(NLR Aleph) 022785417
090 _a13697267
_c13697267
100 _a20260415d1903 u y0rusy50 ca
101 0 _arus
_afre
102 _aRU
116 _adiybxx zz ae
181 0 _ab4
_bxb2e
182 0 _an
200 1 _aТуркестан
_h№ 7
_iМогила правнучки Тамерлана
_eоткрытое письмо
203 _aИзображение
_bнеподвижное
_bдвухмерное
_bвизуальное
_cнепосредственное
210 _a[Москва]
_cизд. Д. П. Ефимова
_d1903
_eМосква
_gФототипия Шерер, Набгольц и Ко.
215 _a1 л.
_cфототип.
_d13,7х8,8
300 _aЗагл. также на фр. яз.: Tourkestan
300 _aМесто изготовления и наименование изготовителя также на фр. яз.: Moscou : Phototypie Scherer, Nabholz & Co.
300 _aНа адрес. стороне гос. герб Российской империи
317 _aЭкз. РНБ на шифре Э ОТ63/Т880, Эм21712: из коллекции И. Н. Чуракова
_5NLR: Э ОТ63/Т880
327 0 _aМавзолей Рабии Султан Бегим в городе Туркестане
606 1 _aПочтовые открытки маркированные художественные
_yРоссия
_z1895 - 1917
_92195710
_3RU\NLR\AUTH\6601555036
606 1 _aФотографические открытки
_92151039
_3RU\NLR\AUTH\661600135
610 1 _aВидовые открытки
617 _aРоссия
_cСыр-Дарьинская область
_cЧимкентский уезд
_dТуркестан, город
_eМавзолей Рабии Султан Бегим
686 0 _aЩ153(2Р=Рус)53-489
702 1 _4390
_aЧураков
_bИ. Н.
_f1892-1942
_gИгорь Николаевич
_9134324
_3RU\NLR\AUTH\770134358
712 0 0 _4650
_aЕфимов,
_cМосква
_gД. П.,
_hкнижный магазин
_9811695
_3RU\NLR\AUTH\8810158141
712 0 2 _4610
_a"Шерер, Набгольц и К°", фототипия
_cМосква
_9764868
_3RU\NLR\AUTH\8810134434
830 _ahttps://azretsultan.kz/rus/mavzolej-rabiya-sultan-begim-hv-v/ (15.04.2026). АЯ ОЭФ
830 _aИздатель открытки: Дмитрий Панфилович Ефимов (1866-1930) - владелец книжного магазина в Москве, книгоиздатель, издатель открыток. Время издательской деятельности, предположительно, 1895-1907 годы. Источники сведений: https://fantlab.ru/publisher4703 (28.07.2015), http://baza.vgdru.com/1/7878/60.htm?o=& (28.07.2015). А.Я. ОЭст
852 0 0 _aNLR
_bЭ
_jОТ63/Т880
_mЭм21712
942 _cVISUAL
980 _aNB